Les 10 plus grandes puissances militaires en 2024 - Statistiques

Statistiques générales
  • Ce quiz a été pris 315 fois
  • Le résultat moyen est 8 sur 10
Statistiques - réponses
Budget ( en milliards) Bombes nucléaires Nombre de Soldat (Actifs) Pays % Correct
770 5500 1 400 000 Etats Unis
100%
40.9 290 200 000 France
99%
154 6225 850 000 Russie
99%
250.2 350 2 000 000 Chine
98%
49.6 156 1 450 000 Inde
91%
47.5 X 240 000 Japon
89%
46.3 X 555 000 Corée du Sud
74%
18.8 X 360 000 Brésil
71%
7.7 165 640 000 Pakistan
64%
38 225 194 000 Angleterre
58%
Aucun quiz correspondant
Distribution des résultats
% des personnes avec chaque résultat
Percentile par nombre de réponses
Votre historique - résultats
Vous n’avez pas pris ce quiz